|
|
|
|
| LEADER |
00706nab a2200145 i 4500 |
| 001 |
delm32999 |
| 005 |
20180927105630.0 |
| 008 |
180927s1937 hu o 0|| hun d |
| 040 |
|
|
|a SZTE Délmagyarország Archívum
|b hun
|
| 041 |
|
|
|a hun
|
| 245 |
0 |
2 |
|a A Márciusi Front első előadása a szegedi diákság előtt
|h [elektronikus dokumentum] :
|b Kovács Imre és Erdei Ferenc az ifjúság kérdéseiről : "a magyar jövő érdekében azonnali földreformra, komoly demokratikus politikára, titkos választójogra, gondolat- és sajtószabadságra van szükség"
|
| 260 |
|
|
|c 1937-05-20
|
| 300 |
|
|
|a 4
|
| 490 |
0 |
|
|a Délmagyarország
|v 13 No. 112
|
| 695 |
|
|
|a Kovács Imre, Erdei Ferenc, Márciusi Front, Politikai élet Szeged
|